000
00284nam a22001337a 4500
008
170524b xxu||||| |||| 00| 0 eng d
020
_a
3540187219
041
_a
eng
080
_a
621.3
100
_a
26
101
_a
IM
245
_a
MIKRO-MECHANIK
_c
HEUBERGER, A
942
_2
udc
_c
BK
999
_c
14082
_d
14082